Kvetinárstvo (Record no. 20275)
[ view plain ]
| 000 -LEADER | |
|---|---|
| fixed length control field | 01733nam a22005050i 4500 |
| 001 - CONTROL NUMBER | |
| control field | 20275 |
| 003 - CONTROL NUMBER IDENTIFIER | |
| control field | VRT |
| 005 - DATE AND TIME OF LATEST TRANSACTION | |
| control field | 20260120142958.0 |
| 008 - FIXED-LENGTH DATA ELEMENTS--GENERAL INFORMATION | |
| fixed length control field | 090725s1971 xo ao jrp 000 0 slo d |
| 020 ## - INTERNATIONAL STANDARD BOOK NUMBER | |
| Terms of availability | 29, 50 Kčs |
| 035 ## - SYSTEM CONTROL NUMBER | |
| System control number | (SVKBBclas03)vtls000111778 |
| 039 #9 - LEVEL OF BIBLIOGRAPHIC CONTROL AND CODING DETAIL [OBSOLETE] | |
| Level of rules in bibliographic description | 202512161404 |
| Level of effort used to assign nonsubject heading access points | AUTHORITY |
| Level of effort used to assign subject headings | 202205201349 |
| Level of effort used to assign classification | msvkbb08 |
| Level of effort used to assign subject headings | 202203191817 |
| Level of effort used to assign classification | AUTHORITY |
| Level of effort used to assign subject headings | 202203191807 |
| Level of effort used to assign classification | AUTHORITY |
| 040 ## - CATALOGING SOURCE | |
| Original cataloging agency | SVKBB |
| Language of cataloging | slo |
| Transcribing agency | SVKBB |
| Description conventions | AACR2 |
| 041 0# - LANGUAGE CODE | |
| Language code of text/sound track or separate title | cze |
| 044 ## - COUNTRY OF PUBLISHING/PRODUCING ENTITY CODE | |
| MARC country code | xr |
| ISO country code | CZ |
| 072 #7 - SUBJECT CATEGORY CODE | |
| Subject category code | 635 |
| Subject category code subdivision | Záhradkárstvo |
| Source | konspekt |
| 080 ## - UNIVERSAL DECIMAL CLASSIFICATION NUMBER | |
| Universal Decimal Classification number | 635.9 |
| Edition identifier | 2001 |
| 080 ## - UNIVERSAL DECIMAL CLASSIFICATION NUMBER | |
| Universal Decimal Classification number | (075.3) |
| Edition identifier | 2011 |
| 100 1# - MAIN ENTRY--PERSONAL NAME | |
| Personal name | Volf, Miroslav, 1921-1982 |
| 240 10 - UNIFORM TITLE | |
| Uniform title | Květinářství |
| Language of a work | Slovensky |
| 245 10 - TITLE STATEMENT | |
| Title | Kvetinárstvo |
| Statement of responsibility, etc. | Miroslav Volf a kolektív ; [z českého originálu ... preložili Š. Ľabuš, E. Šomská; ilustr. Ladislav Urban, Josef Popelka, Jaromír Windsor] |
| 250 ## - EDITION STATEMENT | |
| Edition statement | 1. vyd |
| 260 ## - PUBLICATION, DISTRIBUTION, ETC. | |
| Place of publication, distribution, etc. | Bratislava |
| Name of publisher, distributor, etc. | Príroda |
| Date of publication, distribution, etc. | 1971 |
| 300 ## - PHYSICAL DESCRIPTION | |
| Extent | 445 s. |
| Other physical details | fotogr. |
| Dimensions | 22 cm |
| 366 ## - TRADE AVAILABILITY INFORMATION | |
| Note | 2000 výtl. |
| 490 1# - SERIES STATEMENT | |
| Series statement | Rastlinná výroba |
| 500 ## - GENERAL NOTE | |
| General note | Viazaná |
| 504 ## - BIBLIOGRAPHY, ETC. NOTE | |
| Bibliography, etc. note | Bibliografické odkazy |
| 650 07 - SUBJECT ADDED ENTRY--TOPICAL TERM | |
| Topical term or geographic name entry element | kvetinárstvo |
| Source of heading or term | SNKPH |
| 650 07 - SUBJECT ADDED ENTRY--TOPICAL TERM | |
| Topical term or geographic name entry element | Floristry |
| Source of heading or term | SNKPHeng |
| 655 #7 - INDEX TERM--GENRE/FORM | |
| Genre/form data or focus term | učebnice stredných škôl |
| Source of term | SNKPH |
| 655 #7 - INDEX TERM--GENRE/FORM | |
| Genre/form data or focus term | Secondary school textbooks |
| Source of term | SNKPHeng |
| 700 1# - ADDED ENTRY--PERSONAL NAME | |
| Personal name | Urban, Ladislav |
| Relationship | ill |
| 700 1# - ADDED ENTRY--PERSONAL NAME | |
| Personal name | Popelka, Josef |
| Relationship | ill |
| 700 1# - ADDED ENTRY--PERSONAL NAME | |
| Personal name | Windsor, Jaromír, |
| Dates associated with a name | 1924- |
| Relationship | ill |
| 700 1# - ADDED ENTRY--PERSONAL NAME | |
| Personal name | Labuš, Štefan |
| Relationship | trl |
| 700 1# - ADDED ENTRY--PERSONAL NAME | |
| Personal name | Šomská, E. |
| Relationship | trl |
| 830 #0 - SERIES ADDED ENTRY--UNIFORM TITLE | |
| Uniform title | Rastlinná výroba |
| 910 ## - USER-OPTION DATA (OCLC) | |
| User-option data | svkbb |
| 942 ## - ADDED ENTRY ELEMENTS (KOHA) | |
| Source of classification or shelving scheme | Dewey Decimal Classification |
| Koha item type | Odborná literatúra pre dospelých |
| Suppress in OPAC | No |
| 949 ## - LOCAL PROCESSING INFORMATION (OCLC) | |
| 6 | 270001000158366 |
| a | svkbbS 55170 |
| b | svkbbm 235934 |
| p | 235.934 |
| 949 ## - LOCAL PROCESSING INFORMATION (OCLC) | |
| 6 | 2889350811 |
| a | savukS 53583 |
| 949 ## - LOCAL PROCESSING INFORMATION (OCLC) | |
| 6 | 270001000416323 |
| a | svkbbS 87047 |
| b | svkbbm 237965 |
| Stav vyradenia | Strata | Poškodenie | Spôsob nadobudnutia | Domovská knižnica | Aktuálna knižnica | Dátum nadobudnutia | Total checkouts | Čiarový kód exemplára | Date last seen | Typ exemplára |
|---|---|---|---|---|---|---|---|---|---|---|
| Dar | Obecná knižnica Horná Štubňa | Obecná knižnica Horná Štubňa | 20.01.2026 | 4736200302 | 20.01.2026 | Odborná literatúra pre dospelých |
